000 01209nam a22002657a 4500
005 20170124102936.0
010 _aA-952055
020 _c125.00
035 _aA-952055
037 _bCen Lib/Ret
040 _aDPL
_bHN
082 _a820.8
_bयादोंकी
245 _aयादों की धरोहर क्षेमचन्द्र 'सुमन' /
_cसम्पादक इन्द्र सेंगर
246 _aYaadon ki dharohar Shremchandra suman /
_bedited by Indra Sengar
260 _bग्रन्थ भारती
_aदिल्ली
_c1996
270 _bनई दिल्ली
_a5/288, गली न.5, वेस्ट कान्ती नगर, कृष्णानगर
_e110051
300 _a151पृ.
_c21सेमी (सजिल्द)
500 _aअनुक्रमाणिका शामिल
650 _aहिन्दी -- साहित्य
_946794
650 _aहिन्दी -- कहानी
_9779
650 _aHindi - literature
_946795
650 _aHindi - Story
_943117
700 _aसेंगर, इन्द्र
_946796
942 _2ddc
_cHN
_h820.8
_mयादोंकी
999 _c112304
_d112304